[Event "XXXV Rilton Cup"]
[Site "Stockholm SWE"]
[Date "2005.12.27"]
[EventDate "2005.12.27"]
[Round "1"]
[Result "0-1"]
[White "Sophie E Tidman"]
[Black "Maxim Rodshtein"]
[WhiteElo "2106"]
[BlackElo "2457"]
[PlyCount "37"]

1. e4 c5 2. Nf3 e6 3. d4 cxd4 4. Nxd4 a6 5. Nc3 d6 6. Bd3 Nf6
7. g4 h6 8. Rg1 b5 9. h4 b4 10. Nce2 Bb7 11. f3 d5 12. g5 dxe4
13. gxf6 exd3 14. fxg7 Qxh4+ 15. Kd2 Bxg7 16. Rxg7 dxe2
17. Kxe2 Nc6 18. Be3 O-O-O 19. Rg1 0-1

[Event "XXXV Rilton Cup"]
[Site "Stockholm SWE"]
[Date "2005.12.28"]
[EventDate "2005.12.27"]
[Round "2"]
[Result "1-0"]
[White "Maxim Rodshtein"]
[Black "Drazen Dragicevic"]
[WhiteElo "2457"]
[BlackElo "2195"]
[PlyCount "59"]

1. d4 Nf6 2. c4 g6 3. Nc3 d5 4. cxd5 Nxd5 5. e4 Nxc3 6. bxc3
Bg7 7. Bc4 c5 8. Ne2 Nc6 9. Be3 O-O 10. O-O cxd4 11. cxd4 Bg4
12. f3 Na5 13. Bd3 Be6 14. d5 Bxa1 15. Qxa1 f6 16. Qd4 Bd7
17. e5 Bf5 18. Bxf5 gxf5 19. e6 Qd6 20. Ng3 Qe5 21. f4 Qxd4
22. Bxd4 Nc4 23. Nxf5 Rfe8 24. Rf3 h5 25. Rg3+ Kh7 26. Rg7+
Kh8 27. Rxe7 Rxe7 28. Bxf6+ Rg7 29. Bxg7+ Kh7 30. d6 1-0

[Event "XXXV Rilton Cup"]
[Site "Stockholm SWE"]
[Date "2005.12.29"]
[EventDate "2005.12.27"]
[Round "3"]
[Result "1-0"]
[White "Emanuel Berg"]
[Black "Maxim Rodshtein"]
[WhiteElo "2540"]
[BlackElo "2457"]
[PlyCount "85"]

1. e4 e6 2. d4 d5 3. Nc3 Bb4 4. e5 Ne7 5. a3 Bxc3+ 6. bxc3 c5
7. Qg4 O-O 8. Bd3 f5 9. exf6 Rxf6 10. Bg5 Rf7 11. Qh5 g6
12. Qd1 Qa5 13. Bd2 Nbc6 14. Nf3 Qc7 15. dxc5 e5 16. Ng5 Rf8
17. c4 e4 18. Be2 Qe5 19. f4 exf3 20. Nxf3 Rxf3 21. gxf3 dxc4
22. O-O Qxc5+ 23. Rf2 Be6 24. Bf1 Rd8 25. Qe1 Kf7 26. Bb4 Qg5+
27. Rg2 Qf4 28. Qe4 Rd4 29. Qxf4+ Rxf4 30. Rf2 Nd4 31. Bg2 Bd5
32. Rd1 Ndc6 33. Bd6 Rf6 34. Bxe7 Nxe7 35. Re2 Be6 36. Rd8 Nc6
37. Rd6 Bf5 38. Rxf6+ Kxf6 39. c3 Nd8 40. Re8 Ne6 41. Bf1 b5
42. Rb8 a6 43. Rb6 1-0

[Event "XXXV Rilton Cup"]
[Site "Stockholm SWE"]
[Date "2005.12.30"]
[EventDate "2005.12.27"]
[Round "4"]
[Result "1-0"]
[White "Maxim Rodshtein"]
[Black "Fredrik Andersson"]
[WhiteElo "2457"]
[BlackElo "2208"]
[PlyCount "105"]

1. d4 d5 2. c4 c6 3. Nc3 Nf6 4. Nf3 a6 5. e3 e6 6. b3 Bb4
7. Bd2 Nbd7 8. Bd3 O-O 9. O-O Bd6 10. Qc2 h6 11. Rad1 e5
12. cxd5 cxd5 13. dxe5 Nxe5 14. Nxe5 Bxe5 15. Ne2 Bg4 16. Bb4
Rc8 17. Qd2 Re8 18. h3 Be6 19. Bc3 Bxc3 20. Nxc3 Qa5 21. Ne4
Qxd2 22. Nxf6+ gxf6 23. Rxd2 f5 24. Rfd1 Rc5 25. Be2 Rec8
26. Kf1 Kg7 27. Bd3 Kf6 28. Bb1 a5 29. Rd4 Rc3 30. Bd3 R8c7
31. Ke2 Rc8 32. Kd2 R8c7 33. Rf4 Kg7 34. Ke2 Rc1 35. Bxf5 Bxf5
36. Rxf5 R7c2+ 37. Rd2 Rxd2+ 38. Kxd2 Ra1 39. a4 Ra2+ 40. Kc3
Kg6 41. g4 h5 42. Rxh5 Rxf2 43. Rxd5 Rf3 44. Kd3 Rxh3 45. Rxa5
Rg3 46. Rb5 Rxg4 47. Rxb7 f5 48. a5 Rg1 49. a6 Ra1 50. a7 Kf6
51. b4 Ke5 52. Rb5+ Kd6 53. Ra5 1-0

[Event "XXXV Rilton Cup"]
[Site "Stockholm SWE"]
[Date "2005.12.31"]
[EventDate "2005.12.27"]
[Round "5"]
[Result "0-1"]
[White "Jon Eriksson"]
[Black "Maxim Rodshtein"]
[WhiteElo "2285"]
[BlackElo "2457"]
[PlyCount "104"]

1. e4 c5 2. Nf3 e6 3. d4 cxd4 4. Nxd4 a6 5. Bd3 Bc5 6. Nb3 Be7
7. O-O d6 8. Qg4 g6 9. Qe2 Nd7 10. c4 b6 11. Nc3 Qc7 12. f4
Ngf6 13. Bd2 Bb7 14. Rae1 O-O 15. Kh1 Rfe8 16. e5 Nh5 17. Be4
Bxe4 18. Qxe4 Rac8 19. g4 Ng7 20. exd6 Bxd6 21. Qg2 Bf8
22. Re4 Nf6 23. Rd4 Red8 24. Be3 h5 25. h3 hxg4 26. hxg4 Be7
27. Rfd1 Rxd4 28. Nxd4 Qxc4 29. Nf3 Rd8 30. Rxd8+ Bxd8 31. Ne5
Qc8 32. Bd4 Nfe8 33. Kh2 Bc7 34. Kh3 Qd8 35. Nc6 Qd6 36. Ne2
f6 37. Qf3 g5 38. Be3 f5 39. gxf5 Nf6 40. Ne5 Nxf5 41. Qg2 Nh7
42. Ng4 Nxe3 43. Nxe3 Qd3 44. Qa8+ Kg7 45. Qf3 Nf6 46. Kg2 Kg6
47. fxg5 Kxg5 48. Ng3 Qd2+ 49. Kh3 Qd4 50. Ngf5 exf5 51. Qxf5+
Kh6 52. Qe6 Qf4 0-1

[Event "XXXV Rilton Cup"]
[Site "Stockholm SWE"]
[Date "2006.01.02"]
[EventDate "2005.12.27"]
[Round "6"]
[Result "1-0"]
[White "Maxim Rodshtein"]
[Black "Viorel Iordachescu"]
[WhiteElo "2457"]
[BlackElo "2583"]
[PlyCount "175"]

1. d4 d6 2. Nf3 g6 3. c4 Bg7 4. Nc3 Nf6 5. e4 O-O 6. Be2 e5
7. O-O Nbd7 8. Qc2 Qe7 9. Rd1 c6 10. d5 a5 11. b3 c5 12. Bg5
h6 13. Bd2 Ne8 14. g3 Nc7 15. Nh4 Nf6 16. Qc1 Kh7 17. Bd3 Bh3
18. Re1 Nh5 19. Qd1 Nf6 20. Qe2 b6 21. a3 Bg4 22. Qf1 Bd7
23. Ng2 Nh5 24. Qe2 Rae8 25. Rab1 Qd8 26. Ne3 Nf6 27. Nc2 Bg4
28. f3 Bc8 29. b4 axb4 30. axb4 Kg8 31. Na4 Na6 32. bxc5 bxc5
33. Rb6 Qe7 34. Nc3 Nd7 35. Rb3 f5 36. Na4 Qd8 37. Nb6 Nxb6
38. Ba5 h5 39. Rxb6 Qf6 40. Ra1 Re7 41. Be1 Ra7 42. Bf2 Qd8
43. Rb3 Raf7 44. Rba3 Qb6 45. Qd2 f4 46. Be2 g5 47. Qa5 Qb8
48. Qe1 Qb6 49. Qa5 Qb8 50. Qe1 Qb6 51. g4 hxg4 52. fxg4 Bf6
53. h3 Bd8 54. Rb1 Qc7 55. Qc3 Rh7 56. Kg2 Qg7 57. Bf3 Qh6
58. Rh1 Qg6 59. Qa1 Nc7 60. Ra7 Ne8 61. Rxh7 Qxh7 62. Qa8 Qb7
63. Ra1 Nf6 64. Qxb7 Bxb7 65. Kf1 Rf7 66. Ke2 Kf8 67. Kd3 Rh7
68. Bg2 Ke8 69. Ne1 Kd7 70. Nf3 Ne8 71. h4 gxh4 72. Bh3 Kc7
73. g5 Ng7 74. Bf5 Rh8 75. Bxh4 Be7 76. Be1 Ra8 77. Rxa8 Bxa8
78. Ba5+ Kb8 79. Bc3 Bb7 80. Nxe5 Nxf5 81. exf5 Bxg5 82. Nf7
Be7 83. f6 Bf8 84. Ng5 f3 85. Ne6 Bh6 86. Be1 Bc8 87. f7 Kb7
88. Ke4 1-0

[Event "XXXV Rilton Cup"]
[Site "Stockholm SWE"]
[Date "2006.01.03"]
[EventDate "2005.12.27"]
[Round "7"]
[Result "1/2-1/2"]
[White "Maxim Rodshtein"]
[Black "Sergey Ivanov"]
[WhiteElo "2457"]
[BlackElo "2538"]
[PlyCount "92"]

1. d4 Nf6 2. c4 e6 3. Nc3 Bb4 4. Qc2 O-O 5. a3 Bxc3+ 6. Qxc3
b6 7. Nf3 Bb7 8. e3 d5 9. b3 Nbd7 10. Be2 c5 11. O-O Rc8
12. a4 a5 13. Rd1 Qc7 14. Ba3 dxc4 15. bxc4 Ng4 16. h3 Bxf3
17. Bxf3 Qh2+ 18. Kf1 Ngf6 19. Ke2 Rfe8 20. Bb7 Rb8 21. Bc6
Rbc8 22. Bb7 Rcd8 23. Bc6 Qc7 24. Bb5 Ne4 25. Qc2 Nd6 26. Rab1
Nxb5 27. Rxb5 cxd4 28. Rxd4 Ne5 29. Bb2 Rxd4 30. Bxd4 Nd7
31. Qb3 Rb8 32. c5 bxc5 33. Rxb8+ Nxb8 34. Qb5 Nc6 35. Bxc5 h6
36. Bb6 Qb7 37. f3 f6 38. h4 h5 39. Kf2 g6 40. Qc5 Kf7
41. Bxa5 Qb2+ 42. Kg3 Nxa5 43. Qxa5 Qc1 44. Qa7+ Kf8 45. Qd4
Qe1+ 46. Kh2 e5 1/2-1/2

[Event "XXXV Rilton Cup"]
[Site "Stockholm SWE"]
[Date "2006.01.04"]
[EventDate "2005.12.27"]
[Round "8"]
[Result "1-0"]
[White "Tomi Nyback"]
[Black "Maxim Rodshtein"]
[WhiteElo "2563"]
[BlackElo "2457"]
[PlyCount "107"]

1. d4 e6 2. c4 Nf6 3. Nf3 b6 4. g3 Ba6 5. b3 Bb4+ 6. Bd2 Be7
7. Bg2 c6 8. O-O d5 9. Qc2 Nbd7 10. Rd1 O-O 11. Bf4 Rc8
12. Nc3 Qe8 13. e4 dxc4 14. bxc4 Bxc4 15. Nd2 Ba6 16. Qa4 Bd3
17. Ndb1 Bxb1 18. Raxb1 a5 19. e5 Nd5 20. Nxd5 cxd5 21. Bf1
Rc7 22. Bb5 Qc8 23. Rdc1 Rd8 24. Rxc7 Qxc7 25. Rc1 Qa7 26. Qc2
g5 27. Be3 Nf8 28. Qe2 h6 29. Qh5 Kg7 30. h4 Ng6 31. hxg5 hxg5
32. Bd3 Qb8 33. Bxg5 Rh8 34. Qg4 Bxg5 35. Qxg5 Qd8 36. Qxd8
Rxd8 37. Rc7 Rb8 38. a4 Re8 39. Kg2 Re7 40. Rc6 Rb7 41. Ba6
Rb8 42. Rc7 Kf8 43. Kf3 Ne7 44. Kf4 Nf5 45. Be2 Re8 46. g4 Ne7
47. Ba6 Kg7 48. Kg5 Rg8 49. Kf4 Re8 50. Bb5 Ng6+ 51. Kg5 Re7
52. Rc6 Rb7 53. f4 Ne7 54. Rc1 1-0

[Event "XXXV Rilton Cup"]
[Site "Stockholm SWE"]
[Date "2006.01.05"]
[EventDate "2005.12.27"]
[Round "9"]
[Result "1/2-1/2"]
[White "Igor Kurnosov"]
[Black "Maxim Rodshtein"]
[WhiteElo "2523"]
[BlackElo "2457"]
[PlyCount "115"]

1. e4 e6 2. d4 d5 3. Nc3 Bb4 4. e5 c5 5. a3 Bxc3+ 6. bxc3 Qc7
7. Qg4 f5 8. Qg3 Ne7 9. Bd2 O-O 10. Bd3 b6 11. Nh3 Nec6
12. O-O Ba6 13. Nf4 Qf7 14. Be3 Bxd3 15. cxd3 cxd4 16. cxd4
Rc8 17. h4 Nd7 18. h5 Na5 19. h6 g6 20. f3 Nb3 21. Ra2 Nf8
22. Qg5 Rc7 23. g4 Rac8 24. Rg2 Rc2 25. Rxc2 Rxc2 26. Rf2 Rc8
27. Rg2 Na1 28. a4 Nc2 29. Bf2 a6 30. Nh5 b5 31. Nf6+ Kh8
32. axb5 axb5 33. gxf5 b4 34. fxg6 Nxg6 35. Qc1 Qa7 36. Kh2 b3
37. Rg1 Qa6 38. Qg5 Qxd3 39. Nxd5 Qxf3 40. Qf6+ Qxf6 41. Nxf6
Na3 42. d5 b2 43. d6 Ra8 44. d7 Nxe5 45. Ng4 Nc6 46. Bd4+ Nxd4
47. Ne5 Nf3+ 48. Nxf3 b1=Q 49. Rxb1 Nxb1 50. Ng5 e5 51. d8=Q+
Rxd8 52. Nf7+ Kg8 53. Nxd8 Nd2 54. Kg3 Kf8 55. Nc6 Nc4 56. Kg4
e4 57. Kf4 e3 58. Kf3 1/2-1/2

[Event "Cappelle la Grande"]
[Site "Cappelle la Grande FRA"]
[Date "2006.02.19"]
[EventDate "2006.02.18"]
[Round "2"]
[Result "0-1"]
[White "Maxim Rodshtein"]
[Black "Maxim Sorokin"]
[WhiteElo "2467"]
[BlackElo "2560"]
[PlyCount "40"]

1. d4 d5 2. c4 dxc4 3. e4 e5 4. Nf3 Bb4+ 5. Nc3 exd4 6. Qxd4
Qxd4 7. Nxd4 Nf6 8. f3 Bc5 9. Be3 Nc6 10. Nc2 Bxe3 11. Nxe3
Be6 12. O-O-O Ne5 13. Nb5 Ke7 14. Nxc7 Rac8 15. Nxe6 fxe6
16. Be2 b5 17. Nc2 g5 18. Kd2 h5 19. a4 Rhd8+ 20. Kc3 Rd3+ 0-1

[Event "Cappelle la Grande"]
[Site "Cappelle la Grande FRA"]
[Date "2006.02.20"]
[EventDate "2006.02.18"]
[Round "3"]
[Result "0-1"]
[White "Igor Ananchenko"]
[Black "Maxim Rodshtein"]
[WhiteElo "2260"]
[BlackElo "2467"]
[PlyCount "84"]

1. d4 e6 2. c4 Nf6 3. Nc3 Bb4 4. Nf3 b6 5. Bg5 Bb7 6. e3 Bxc3+
7. bxc3 d6 8. Bd3 Nbd7 9. O-O h6 10. Bh4 g5 11. Bg3 Ne4
12. Nd2 Nxd2 13. Qxd2 f5 14. f4 Qe7 15. a4 O-O 16. a5 Nf6
17. fxg5 hxg5 18. d5 Nh5 19. Qe2 Nxg3 20. hxg3 Kg7 21. a6 Bc8
22. e4 exd5 23. cxd5 Bd7 24. Qd2 fxe4 25. Bxe4 Qe5 26. Bc2
Rxf1+ 27. Rxf1 Re8 28. Qd4 Qxd4+ 29. cxd4 Re3 30. Rc1 Rc3
31. Re1 Bc8 32. Re8 Bxa6 33. Bf5 Bb5 34. Re1 a5 35. Kh2 a4
36. Kh3 a3 37. Kg4 a2 38. Re7+ Kf8 39. Re1 Ra3 40. Ra1 Bc4
41. Kxg5 Rxg3+ 42. Kf6 Bxd5 0-1

[Event "Cappelle la Grande"]
[Site "Cappelle la Grande FRA"]
[Date "2006.02.20"]
[EventDate "2006.02.18"]
[Round "4"]
[Result "1-0"]
[White "Maxim Rodshtein"]
[Black "Christophe Claverie"]
[WhiteElo "2467"]
[BlackElo "2326"]
[PlyCount "141"]

1. d4 d5 2. c4 Nc6 3. cxd5 Qxd5 4. e3 e5 5. Nc3 Bb4 6. Bd2
Bxc3 7. Bxc3 exd4 8. Ne2 Nge7 9. Nxd4 Nxd4 10. Qxd4 Qxd4
11. Bxd4 O-O 12. Rc1 Nc6 13. Bc3 Be6 14. a3 a6 15. Bd3 Rfd8
16. Be4 Bd5 17. Bxd5 Rxd5 18. Ke2 Rad8 19. g4 f6 20. h4 Kf7
21. g5 f5 22. h5 R5d6 23. Rh4 R8d7 24. Rf4 Ke6 25. Rc4 Kf7
26. a4 Rd5 27. b4 Nd8 28. g6+ hxg6 29. Rg1 g5 30. Rxg5 Ne6
31. Rg6 c6 32. Rg1 Rd8 33. h6 gxh6 34. Rh1 R8d6 35. Rch4 Rd3
36. Be1 Ng5 37. Rxh6 Rxh6 38. Rxh6 Ra3 39. a5 Ra2+ 40. Kd3 Ke7
41. Rh5 Kf6 42. Rh8 Nf7 43. Rb8 Nd6 44. f3 Rg2 45. Bc3+ Ke6
46. f4 Ra2 47. Be5 c5 48. bxc5 Ne4 49. Bd4 Rxa5 50. Re8+ Kf7
51. Re5 Kg6 52. Kc4 Rb5 53. Re7 Kh5 54. Rg7 Kh6 55. Rg2 Kh5
56. Kd5 Nxc5 57. Rg5+ Kh6 58. Rxf5 Nb3+ 59. Ke6 Rxf5 60. Kxf5
Nxd4+ 61. exd4 a5 62. d5 a4 63. d6 a3 64. d7 a2 65. d8=Q a1=Q
66. Qb6+ Kh7 67. Qxb7+ Kg8 68. Qc8+ Kg7 69. Qd7+ Kf8 70. Qd6+
Kf7 71. Qe6+ 1-0

[Event "Cappelle la Grande"]
[Site "Cappelle la Grande FRA"]
[Date "2006.02.21"]
[EventDate "2006.02.18"]
[Round "5"]
[Result "1/2-1/2"]
[White "Denis Yevseev"]
[Black "Maxim Rodshtein"]
[WhiteElo "2557"]
[BlackElo "2467"]
[PlyCount "83"]

1. Nf3 Nf6 2. c4 c6 3. Nc3 d5 4. e3 a6 5. h3 e6 6. d4 c5
7. cxd5 exd5 8. Bd3 Nc6 9. O-O Be6 10. Ne5 Bd6 11. Nxc6 bxc6
12. dxc5 Bxc5 13. e4 O-O 14. Bg5 h6 15. Bh4 Be7 16. Bg3 Qa5
17. Qc2 Rac8 18. a3 dxe4 19. Nxe4 Nxe4 20. Bxe4 Rfd8 21. Rfd1
Bf6 22. Rxd8+ Qxd8 23. Rd1 Qb6 24. b4 c5 25. Rd6 Qb5 26. bxc5
Rxc5 27. Qd2 Qa5 28. Qxa5 Rxa5 29. Rb6 g5 30. Bd6 Kg7 31. g4
Bd4 32. Rb8 Be5 33. Bf8+ Kf6 34. Ra8 Bb2 35. Bb4 Re5 36. Bf3
Bc4 37. Rc8 Be6 38. Rc6 a5 39. Bd2 Rb5 40. a4 Rb3 41. Kg2 Ra3
42. Bxa5 1/2-1/2

[Event "Cappelle la Grande"]
[Site "Cappelle la Grande FRA"]
[Date "2006.02.22"]
[EventDate "2006.02.18"]
[Round "6"]
[Result "1/2-1/2"]
[White "Maxim Rodshtein"]
[Black "Vitali Golod"]
[WhiteElo "2467"]
[BlackElo "2577"]
[PlyCount "41"]

1. d4 d5 2. c4 dxc4 3. Nf3 c6 4. a4 e6 5. e3 c5 6. Bxc4 Nf6
7. O-O Nc6 8. Qe2 cxd4 9. Rd1 Be7 10. exd4 O-O 11. Nc3 Nb4
12. Ne5 Bd7 13. Bf4 Bc6 14. Nxc6 bxc6 15. Be5 a5 16. Rac1 Nd7
17. Bg3 Bg5 18. Ra1 Bh4 19. Bd6 Be7 20. Bg3 Bh4 21. Bd6
1/2-1/2

[Event "Cappelle la Grande"]
[Site "Cappelle la Grande FRA"]
[Date "2006.02.24"]
[EventDate "2006.02.18"]
[Round "8"]
[Result "0-1"]
[White "Maxim Rodshtein"]
[Black "Evgeny E Vorobiov"]
[WhiteElo "2467"]
[BlackElo "2543"]
[PlyCount "106"]

1. d4 Nf6 2. c4 d6 3. Nf3 g6 4. Nc3 Bg7 5. e4 O-O 6. Be2 Nbd7
7. O-O e5 8. Qc2 Re8 9. d5 Nh5 10. Ne1 Nf4 11. Be3 Nxe2+
12. Nxe2 Rf8 13. Ng3 h5 14. Nd3 h4 15. Nh1 f5 16. f3 h3 17. g3
Rf7 18. Qd2 f4 19. gxf4 exf4 20. Bxf4 Bd4+ 21. Nhf2 Qf6
22. Qe2 Nc5 23. e5 dxe5 24. Bxe5 Qg5+ 25. Bg3 Re7 26. Qd1 Bf5
27. Kh1 Nxd3 28. Nxd3 Rae8 29. a4 Re3 30. Ra3 Bxb2 31. Rb3 Bg7
32. Nf4 b6 33. Rg1 Rxb3 34. Qxb3 Kh7 35. a5 Bd4 36. Rf1 Re3
37. Qa4 Bc5 38. Qc6 Bd6 39. Ne6 Bxe6 40. dxe6 Bxg3 41. hxg3
Qxg3 42. Rg1 Qf4 43. e7 Qf7 44. Rg3 Rxe7 45. axb6 cxb6 46. Kh2
Kg7 47. Kxh3 Qe6+ 48. Qxe6 Rxe6 49. Rg1 Rc6 50. Ra1 a5 51. Rb1
Kf6 52. Rb5 Ke6 53. Kg3 Kd6 0-1

[Event "XXIV Andorra Open"]
[Site "Andorra la Vella AND"]
[Date "2006.07.08"]
[EventDate "2006.07.08"]
[Round "1"]
[Result "1-0"]
[White "Maxim Rodshtein"]
[Black "Marc Fontbona Miralles"]
[WhiteElo "2494"]
[BlackElo "2109"]
[PlyCount "41"]

1. d4 d5 2. c4 c6 3. Nf3 Nf6 4. Nc3 e6 5. e3 Nbd7 6. Qc2 Bd6
7. g4 dxc4 8. Bxc4 e5 9. Bd2 exd4 10. Nxd4 Ne5 11. Be2 Nfxg4
12. Ne4 Be7 13. O-O-O Bd7 14. f4 Ng6 15. Rhg1 Nf6 16. Ng5 Qc7
17. Bc4 Rf8 18. Nxh7 Nxh7 19. Rxg6 b5 20. Rxc6 Bxc6 21. Bxb5
1-0

[Event "XXIV Andorra Open"]
[Site "Andorra la Vella AND"]
[Date "2006.07.09"]
[EventDate "2006.07.08"]
[Round "2"]
[Result "0-1"]
[White "Mark A Berkovich"]
[Black "Maxim Rodshtein"]
[WhiteElo "2394"]
[BlackElo "2494"]
[PlyCount "60"]

1. Nf3 d5 2. g3 c6 3. Bg2 Nf6 4. c4 dxc4 5. a4 g6 6. Na3 Qd5
7. O-O Bg7 8. Qc2 Be6 9. Nh4 Qh5 10. Bf3 Qc5 11. d3 Ng4
12. Bg2 Bd4 13. e3 cxd3 14. Qxd3 Bf6 15. Nf3 Nd7 16. h3 Nge5
17. Nxe5 Nxe5 18. Qe2 O-O 19. e4 Rfd8 20. Be3 Qb4 21. f4 Nc4
22. e5 Nxe3 23. Qxe3 Bg7 24. g4 Bd5 25. Rf2 e6 26. Nc2 Qxb2
27. Raf1 Qb3 28. Qxb3 Bxb3 29. Rb1 Bxa4 30. Rxb7 Bf8 0-1

[Event "XXIV Andorra Open"]
[Site "Andorra la Vella AND"]
[Date "2006.07.10"]
[EventDate "2006.07.08"]
[Round "3"]
[Result "1/2-1/2"]
[White "Branko Damljanovic"]
[Black "Maxim Rodshtein"]
[WhiteElo "2625"]
[BlackElo "2494"]
[PlyCount "78"]

1. c4 Nf6 2. Nc3 e5 3. Nf3 Nc6 4. g3 Bb4 5. Nd5 Bc5 6. Bg2 O-O
7. O-O d6 8. e3 Bb6 9. d4 Bg4 10. Nxb6 axb6 11. d5 e4 12. dxc6
bxc6 13. b3 Qe7 14. Bb2 Ra5 15. h3 exf3 16. hxg4 fxg2 17. Re1
Qe6 18. Bxf6 Qxf6 19. a4 Qe6 20. Kxg2 Rg5 21. f3 h5 22. gxh5
Rxh5 23. g4 Rh4 24. Qd3 Re8 25. Rh1 Qe5 26. Rxh4 Qb2+ 27. Kg3
Qxa1 28. Kf2 Qb2+ 29. Kf1 g6 30. f4 d5 31. Rh3 Rd8 32. g5 Rd6
33. c5 bxc5 34. Qa6 Rd8 35. Qxc6 Qc1+ 36. Kg2 Qd2+ 37. Kf1
Qd3+ 38. Kg2 Qe2+ 39. Kg1 Qe1+ 1/2-1/2

[Event "XXIV Andorra Open"]
[Site "Andorra la Vella AND"]
[Date "2006.07.11"]
[EventDate "2006.07.08"]
[Round "4"]
[Result "1/2-1/2"]
[White "Maxim Rodshtein"]
[Black "Igor Khenkin"]
[WhiteElo "2494"]
[BlackElo "2586"]
[PlyCount "57"]

1. d4 Nf6 2. c4 e6 3. Nf3 d5 4. Nc3 Bb4 5. Bg5 h6 6. Bxf6 Qxf6
7. Qb3 c5 8. e3 O-O 9. dxc5 Bxc3+ 10. Qxc3 Qxc3+ 11. bxc3 dxc4
12. Bxc4 Nd7 13. c6 bxc6 14. O-O-O Nb6 15. Bb3 c5 16. Ne5 Bb7
17. f3 Nd5 18. Bxd5 exd5 19. Kd2 Rfe8 20. Nd3 Rac8 21. Rb1 Ba6
22. Rb2 g5 23. Rhb1 Kg7 24. a4 Kg6 25. a5 f6 26. Re1 Red8
27. Rc1 h5 28. g3 h4 29. g4 1/2-1/2

[Event "XXIV Andorra Open"]
[Site "Andorra la Vella AND"]
[Date "2006.07.12"]
[EventDate "2006.07.08"]
[Round "5"]
[Result "0-1"]
[White "Adalberto Villavicencio Martinez"]
[Black "Maxim Rodshtein"]
[WhiteElo "2379"]
[BlackElo "2494"]
[PlyCount "118"]

1. Nf3 Nf6 2. c4 e6 3. d4 b6 4. g3 Ba6 5. b3 Bb4+ 6. Bd2 Be7
7. Bg2 c6 8. O-O d5 9. Ne5 Nfd7 10. Nxd7 Nxd7 11. Bc3 O-O
12. Nd2 Rb8 13. e4 b5 14. Re1 bxc4 15. bxc4 dxc4 16. Qc2 Bf6
17. e5 Be7 18. Bxc6 Nb6 19. Rab1 Qc7 20. Be4 g6 21. h4 Rfd8
22. h5 Kg7 23. Nf1 Bb7 24. Ne3 Nd5 25. Nxd5 Bxd5 26. Rxb8 Qxb8
27. Bxd5 Rxd5 28. hxg6 hxg6 29. Qa4 Rd8 30. Qxc4 Qb7 31. Qd3
Qd5 32. Re2 Rc8 33. f3 Rc4 34. Kg2 a5 35. Ba1 Ra4 36. Qc2 Ra3
37. Rf2 Bb4 38. Qe2 Kf8 39. g4 Be7 40. Qd2 Kg7 41. Kg3 Bb4
42. Qe2 Kf8 43. Kg2 Ke7 44. Kg3 Kd7 45. Kg2 Kc7 46. Qa6 Rxa2
47. Qa7+ Kd8 48. Bb2 Ke8 49. Bc1 Rxf2+ 50. Kxf2 Qd7 51. Qb8+
Qd8 52. Qxd8+ Kxd8 53. Ke3 Kd7 54. Kd3 Kc6 55. Kc4 Be7 56. Bd2
a4 57. Bc3 a3 58. Bd2 Bg5 59. Bc3 Bc1 0-1

[Event "XXIV Andorra Open"]
[Site "Andorra la Vella AND"]
[Date "2006.07.13"]
[EventDate "2006.07.08"]
[Round "6"]
[Result "1/2-1/2"]
[White "Maxim Rodshtein"]
[Black "Reynaldo Vera"]
[WhiteElo "2494"]
[BlackElo "2510"]
[PlyCount "71"]

1. d4 d5 2. c4 c6 3. Nf3 Nf6 4. Nc3 e6 5. e3 Nbd7 6. Qc2 Bd6
7. g4 dxc4 8. Bxc4 Nd5 9. Bd2 Nxc3 10. bxc3 Qe7 11. h4 c5
12. e4 cxd4 13. cxd4 Nb6 14. Bb3 Bd7 15. a4 Rc8 16. Qd3 a5
17. O-O Bb4 18. h5 O-O 19. Ne5 Rfd8 20. Kg2 Bc6 21. Nxc6 bxc6
22. Rfd1 c5 23. Bxb4 axb4 24. Qb5 c4 25. Qxb6 cxb3 26. f3 Rc7
27. Kg3 b2 28. Rab1 Rdc8 29. a5 Rc6 30. Qb5 Rc1 31. a6 h6
32. Qb7 R1c7 33. Qb6 Rc6 34. Qb7 R6c7 35. Qb6 Rc6 36. Qb7
1/2-1/2

[Event "XXIV Andorra Open"]
[Site "Andorra la Vella AND"]
[Date "2006.07.14"]
[EventDate "2006.07.08"]
[Round "7"]
[Result "1-0"]
[White "Kevin Spraggett"]
[Black "Maxim Rodshtein"]
[WhiteElo "2577"]
[BlackElo "2494"]
[PlyCount "79"]

1. e4 c5 2. Nf3 d6 3. d4 cxd4 4. Nxd4 Nf6 5. Nc3 a6 6. Bg5 e6
7. f4 Qb6 8. Qd2 Qxb2 9. Nb3 Qa3 10. Bxf6 gxf6 11. Be2 h5
12. O-O Nc6 13. Kh1 Bd7 14. Nd1 Qa4 15. c4 Qb4 16. Qb2 Be7
17. Ne3 Na5 18. Nc2 Qb6 19. Qc3 Nxb3 20. axb3 h4 21. h3 Rg8
22. Nd4 e5 23. Nc2 Rg3 24. Bf3 exf4 25. Nd4 Qc5 26. Ra5 b5
27. Nf5 Bxf5 28. exf5 Qxf5 29. cxb5 Rc8 30. bxa6 d5 31. Qd2
Rxf3 32. Rxf3 Qb1+ 33. Kh2 Bc5 34. Qe2+ Be3 35. Rxe3+ fxe3
36. a7 d4 37. a8=Q Rxa8 38. Rxa8+ Ke7 39. Qb5 Qe1 40. Qc5+ 1-0

[Event "XXIV Andorra Open"]
[Site "Andorra la Vella AND"]
[Date "2006.07.15"]
[EventDate "2006.07.08"]
[Round "8"]
[Result "1-0"]
[White "Maxim Rodshtein"]
[Black "Romain Edouard"]
[WhiteElo "2494"]
[BlackElo "2404"]
[PlyCount "71"]

1. d4 Nf6 2. c4 c5 3. d5 e6 4. Nc3 exd5 5. cxd5 d6 6. Nf3 g6
7. Nd2 Bg7 8. e4 O-O 9. Be2 Na6 10. O-O Re8 11. Qc2 Rb8 12. a3
Nc7 13. Rb1 b5 14. b4 c4 15. Bb2 Nd7 16. f4 Nb6 17. Rbd1 f5
18. Bf3 fxe4 19. Ndxe4 Rf8 20. Qd2 Bf5 21. Nf2 Qf6 22. Ba1 Qf7
23. Nfe4 Bxe4 24. Bxe4 Qd7 25. h3 Rbe8 26. Bc2 Qe7 27. Rf3 Qh4
28. Kh2 Nc8 29. g3 Qh5 30. Qf2 g5 31. Rf1 Ne7 32. g4 Qh6
33. fxg5 Qxg5 34. Ne4 Qh6 35. g5 Qh5 36. Rxf8+ 1-0

[Event "XXIV Andorra Open"]
[Site "Andorra la Vella AND"]
[Date "2006.07.16"]
[EventDate "2006.07.08"]
[Round "9"]
[Result "0-1"]
[White "Lanka Ravi"]
[Black "Maxim Rodshtein"]
[WhiteElo "2390"]
[BlackElo "2494"]
[PlyCount "86"]

1. d4 Nf6 2. c4 e6 3. Nc3 Bb4 4. e3 O-O 5. Nge2 d5 6. a3 Be7
7. cxd5 exd5 8. g3 a5 9. Bg2 Na6 10. O-O Re8 11. Kh1 Bf8
12. Nf4 c6 13. f3 Nc7 14. b3 h6 15. Ra2 Ne6 16. Nd3 b5 17. Rc2
Bb7 18. Ne2 Nd7 19. f4 Rc8 20. h4 Nc7 21. Bh3 Ra8 22. Ng1 a4
23. b4 Nb6 24. Nf3 Nc4 25. Re2 Bc8 26. f5 Bd6 27. Nf4 Qe7
28. Nh2 Qe4+ 29. Bg2 Qxf5 30. Nxd5 Qg6 31. Nf4 Bxf4 32. gxf4
Nd5 33. Qe1 f5 34. Nf3 Be6 35. Bh3 Nf6 36. Rg1 Qh5 37. Qg3 Ra7
38. Rf1 Bd5 39. Bg2 Ne4 40. Qe1 Re6 41. Bd2 Rg6 42. Ne5 Nxe5
43. fxe5 Ng3+ 0-1

[Event "World Junior Championship"]
[Site "Yerevan ARM"]
[Date "2006.10.03"]
[EventDate "2006.10.03"]
[Round "1"]
[Result "1-0"]
[White "Maxim Rodshtein"]
[Black "Dagur Arngrimsson"]
[WhiteElo "2517"]
[BlackElo "2305"]
[PlyCount "149"]

1. Nf3 Nf6 2. c4 c6 3. Nc3 d5 4. e3 e6 5. d4 Nbd7 6. Qc2 Bd6
7. g4 Nxg4 8. Rg1 Nh6 9. e4 dxe4 10. Nxe4 Bb4+ 11. Nc3 Nf5
12. Bd3 Nb6 13. a3 Be7 14. Ne2 O-O 15. Bd2 g6 16. O-O-O Bf6
17. h4 Bg7 18. h5 Nd7 19. Nf4 Re8 20. hxg6 fxg6 21. Kb1 Nf8
22. Bc3 Qc7 23. Ne5 c5 24. Bxf5 exf5 25. Nd5 Qd8 26. f4 cxd4
27. Rxd4 Be6 28. Qb3 Bxe5 29. fxe5 Bxd5 30. cxd5 Qb6 31. Qxb6
axb6 32. Rb4 Rad8 33. Rd1 Nd7 34. e6 Nc5 35. Kc2 Nxe6 36. dxe6
Rxd1 37. Kxd1 Rxe6 38. Rd4 Kf7 39. Bd2 Re4 40. Rd6 Re6
41. Rd7+ Re7 42. Rd3 Re4 43. Rb3 Re6 44. Be3 b5 45. Bg5 Re5
46. Rc3 Ke6 47. Rc7 Rd5+ 48. Ke2 Rd7 49. Rc5 Rd5 50. Rc2 Rd7
51. b4 Ke5 52. Rc5+ Ke4 53. Rxb5 f4 54. Rc5 f3+ 55. Kf2 Rd5
56. Rxd5 Kxd5 57. a4 Kc4 58. Be7 Kb3 59. a5 Kc4 60. Kxf3 g5
61. Kg4 h6 62. Kf5 Kb5 63. Bc5 Kc6 64. Ke5 h5 65. Kd4 Kb5
66. Kc3 h4 67. Bf2 h3 68. Bg3 g4 69. Kb3 Ka6 70. Kc4 Ka7
71. b5 Ka8 72. Kd5 Ka7 73. Ke4 Ka8 74. Kf5 b6 75. a6 1-0